| 000 | 00708nam a22002177a 4500 | ||
|---|---|---|---|
| 999 |
_c10333 _d10333 |
||
| 001 | 10333 | ||
| 003 | BD-JhCC | ||
| 005 | 20200717134008.0 | ||
| 008 | 180424b xxu||||| |||| 00| 0 eng d | ||
| 020 | _a984180355X | ||
| 035 | _a(BD-JhCC)10333 | ||
| 040 |
_aBD-JhCC _dBD-JhCC |
||
| 041 | _aeng | ||
| 082 |
_a891.4435 _bCHO 2017 |
||
| 100 | _aচৌধুরী, প্রমথ | ||
| 245 |
_aবীরবলের হালখাতা / _cপ্রমথ চৌধুরী |
||
| 260 |
_aঢাকা : _bবিশ্বসাহিত্য কেন্দ্র, _c২০১৭. |
||
| 300 |
_a১৭৩ পৃ. : _c২০ সেমি. |
||
| 650 | _aCollection of Sort stories | ||
| 942 |
_2ddc _cBK _07 |
||